Startups Support in Slovak Republic

V spoločnosti založenej na vedomostiach sú inovácie hybnou silou hospodárstva na všetkých úrovniach a vo všetkých typoch organizácií. Vzhľadom na vysoké riziká pri zavádzaní nových produktov a služieb, sa inovácie zvyčajne uvádzajú na trh prostredníctvom samostatných inovatívnych spoločností, startu...

Descripción completa

Guardado en:
Detalles Bibliográficos
Autor principal: Hudáková, Jarmila
Formato: Capítulo de libro
Lenguaje:inglés
Materias:
Etiquetas: Agregar Etiqueta
Sin Etiquetas, Sea el primero en etiquetar este registro!

MARC

LEADER 00000nla a2200000 4500
001 0246035
005 20240417075140.8
041 0 |a eng 
044 |a CZ 
245 1 0 |a Startups Support in Slovak Republic  |c Jarmila Hudáková 
520 |a V spoločnosti založenej na vedomostiach sú inovácie hybnou silou hospodárstva na všetkých úrovniach a vo všetkých typoch organizácií. Vzhľadom na vysoké riziká pri zavádzaní nových produktov a služieb, sa inovácie zvyčajne uvádzajú na trh prostredníctvom samostatných inovatívnych spoločností, startupov. Situácia startupov na Slovensku. Podmienky pre podnikanie startupov. Výsledky dotazníkového prieskumu, ktorého sa zúčastnilo 153 startupov. Dobré predpoklady pre ekosystém startupov. 15 najväčších spoločností na Slovensku, ktoré začínali ako startupy. 
610 2 0 |a start-up 
610 2 0 |a podnikanie 
610 2 0 |a podnikatelia 
610 2 0 |a inovácia 
610 2 0 |a ekosystémy 
610 2 0 |a prieskum 
610 2 0 |a Slovensko 
100 1 |a Hudáková, Jarmila